[Event "NB II. Breyer csoport"]
[Site "Esztergom"]
[Date "2024.04.07"]
[Round "7.8"]
[White "Szabo, Lajos"]
[Black "Toth, Kalman"]
[Result "1-0"]
[WhiteElo "1997"]
[BlackElo "1728"]
[PlyCount "100"]
[EventDate "2023.10.08"]
[EventType "team-tourn"]
[EventRounds "9"]
[EventCountry "HUN"]
[Source "chess.hu"]
[WhiteTeam "Esztergomi SC"]
[BlackTeam "NYVSE"]
[WhiteTeamCountry "HUN"]
[BlackTeamCountry "HUN"]

1. c4 e5 2. Nc3 Nc6 3. Nf3 Nf6 4. d4 exd4 5. Nxd4 Nxd4 6. Qxd4 Be7 7. g3 O-O 8.
Bg2 c6 9. O-O h6 10. b3 d6 11. Bb2 Be6 12. Rad1 Qc7 13. h3 Rfd8 14. Kh2 a6 15.
Rc1 Rab8 16. Rfd1 Rd7 17. e4 Ne8 18. f4 f6 19. Ne2 Rbd8 20. f5 Bf7 21. Nf4 Bf8
22. Bf3 Qc8 23. Bh5 Bxh5 24. Nxh5 Be7 25. Nf4 Nc7 26. Bc3 c5 27. Qf2 b6 28. Re1
Bf8 29. Qf3 Re7 30. Qg4 Rf7 31. Rcd1 Qd7 32. Bd2 Re8 33. Ng6 Kh7 34. Bf4 Qc8
35. Nxf8+ Rfxf8 36. Bxd6 Rg8 37. Qg6+ Kh8 38. Bf4 Re7 39. e5 Qe8 40. Qxe8 Rgxe8
41. e6 Nxe6 42. fxe6 Rxe6 43. Rxe6 Rxe6 44. Rd2 b5 45. Bd6 bxc4 46. bxc4 Re4
47. Rc2 Kg8 48. Bxc5 Kf7 49. Bb6 Ke6 50. c5 Kd7 1-0

[Event "NB II. Breyer csoport"]
[Site "Esztergom"]
[Date "2024.04.07"]
[Round "7.9"]
[White "Csanyi, Milan"]
[Black "Kovacs, Geza"]
[Result "0-1"]
[WhiteElo "1597"]
[BlackElo "1965"]
[PlyCount "96"]
[EventDate "2023.10.08"]
[EventType "team-tourn"]
[EventRounds "9"]
[EventCountry "HUN"]
[Source "chess.hu"]
[WhiteTeam "NYVSE"]
[BlackTeam "Esztergomi SC"]
[WhiteTeamCountry "HUN"]
[BlackTeamCountry "HUN"]

1. d4 Nf6 2. c4 e5 3. Bg5 Bb4+ 4. Nc3 h6 5. Bh4 Nc6 6. e3 exd4 7. exd4 Qe7+ 8.
Qe2 Nxd4 9. Qxe7+ Kxe7 10. O-O-O Bxc3 11. bxc3 Ne6 12. Re1 Re8 13. Bd3 Kf8 14.
Nf3 d6 15. Bxf6 gxf6 16. Nd4 Bd7 17. Bf5 c5 18. Bxe6 fxe6 19. Nc2 Bc6 20. Rhg1
Kf7 21. Rd1 Rad8 22. Ne3 f5 23. Rd2 Re7 24. Rgd1 Red7 25. f3 a6 26. Nf1 f4 27.
Re2 b5 28. Nd2 bxc4 29. Nxc4 Bb5 30. Re4 e5 31. Nb6 Rb7 32. Nc4 Bxc4 33. Rxc4
Rdb8 34. Rxd6 Rb1+ 35. Kd2 R8b2+ 36. Kd3 Rd1+ 37. Ke4 Rxd6 38. Kxe5 Re6+ 39.
Kd5 Rxg2 40. Rxf4+ Rf6 41. Re4 Rxa2 42. Kxc5 Rxf3 43. c4 Rxh2 44. Kb6 Rf6+ 45.
Ka5 Rb2 46. c5 Rb5+ 47. Ka4 Rxc5 48. Kb4 Rc1 0-1

[Event "NB II. Breyer csoport"]
[Site "Esztergom"]
[Date "2024.04.07"]
[Round "7.10"]
[White "Rancso, Mark"]
[Black "Klinga, Matyas"]
[Result "1-0"]
[WhiteElo "1950"]
[BlackElo "1581"]
[PlyCount "51"]
[EventDate "2023.10.08"]
[EventType "team-tourn"]
[EventRounds "9"]
[EventCountry "HUN"]
[Source "chess.hu"]
[WhiteTeam "Esztergomi SC"]
[BlackTeam "NYVSE"]
[WhiteTeamCountry "HUN"]
[BlackTeamCountry "HUN"]

1. Nf3 Nc6 2. d4 d5 3. Bf4 Nf6 4. h3 Bf5 5. c3 e6 6. e3 Bd6 7. Bxd6 Qxd6 8. Nh4
Be4 9. Nd2 e5 10. Nxe4 Nxe4 11. Qc2 Qf6 12. Nf3 Nd6 13. dxe5 Nxe5 14. Be2 O-O
15. O-O-O a6 16. Rd4 Nxf3 17. gxf3 g6 18. Rf4 Qe6 19. Rg4 h5 20. Rg5 Kh8 21.
Bd3 f5 22. Rhg1 Rg8 23. Qa4 Nf7 24. Qd4+ Kh7 25. Bxf5 gxf5 26. Rg7+ 1-0

[Event "NB II. Breyer csoport"]
[Site "Esztergom"]
[Date "2024.04.07"]
[Round "7.12"]
[White "Marosvari, Gergo"]
[Black "Bodnar, Gabor Peter"]
[Result "1-0"]
[WhiteElo "1785"]
[BlackElo "1609"]
[PlyCount "59"]
[EventDate "2023.10.08"]
[EventType "team-tourn"]
[EventRounds "9"]
[EventCountry "HUN"]
[Source "chess.hu"]
[WhiteTeam "Esztergomi SC"]
[BlackTeam "NYVSE"]
[WhiteTeamCountry "HUN"]
[BlackTeamCountry "HUN"]

1. d4 Nf6 2. Nf3 g6 3. Bf4 Bg7 4. c4 d6 5. h3 O-O 6. Nc3 Nbd7 7. e4 c5 8. d5
Nb6 9. Bd3 e5 10. Bg5 h6 11. Be3 Ne8 12. Qd2 Kh7 13. g4 f5 14. gxf5 gxf5 15.
exf5 Bxf5 16. Bxf5+ Rxf5 17. Qd3 Qf6 18. Nh4 Qxh4 19. Qxf5+ Kh8 20. Qg4 Qxg4
21. hxg4 Nxc4 22. Bxh6 Nb6 23. O-O-O Nf6 24. Bg5+ Kg8 25. Bxf6 Bxf6 26. Ne4 Be7
27. Rh6 Rf8 28. Re6 Rf4 29. Nxd6 Bg5 30. Rg6+ 1-0

[Event "NB II. Breyer csoport"]
[Site "Budapest"]
[Date "2024.04.07"]
[Round "7.1"]
[White "Grimm, Daniel"]
[Black "Orgovan, Sandor"]
[Result "1-0"]
[WhiteElo "2296"]
[BlackElo "2144"]
[PlyCount "41"]
[EventDate "2023.10.08"]
[EventType "team-tourn"]
[EventRounds "9"]
[EventCountry "HUN"]
[Source "chess.hu"]
[WhiteTeam "Barcza - BEAC I."]
[BlackTeam "Varosgazda Akademia"]
[WhiteTeamCountry "HUN"]
[BlackTeamCountry "HUN"]

1. e4 c5 2. Nf3 Nc6 3. d4 cxd4 4. Nxd4 Qb6 5. Nb3 e6 6. Nc3 d6 7. Bf4 Ne5 8.
Bxe5 dxe5 9. Bb5+ Ke7 10. a4 f6 11. Qe2 Kf7 12. a5 Qc7 13. Ra4 Ne7 14. O-O Nc6
15. Rc4 Bd7 16. Rd1 Be7 17. a6 Rhc8 18. axb7 Qxb7 19. Rxd7 Qxd7 20. Na5 Nd4 21.
Qh5+ 1-0

[Event "NB II. Breyer csoport"]
[Site "Budapest"]
[Date "2024.04.07"]
[Round "7.2"]
[White "Botos, Ferenc"]
[Black "Farkas, Richard"]
[Result "1/2-1/2"]
[WhiteElo "2171"]
[BlackElo "2230"]
[PlyCount "142"]
[EventDate "2023.10.08"]
[EventType "team-tourn"]
[EventRounds "9"]
[EventCountry "HUN"]
[Source "chess.hu"]
[WhiteTeam "Varosgazda Akademia"]
[BlackTeam "Barcza - BEAC I."]
[WhiteTeamCountry "HUN"]
[BlackTeamCountry "HUN"]

1. d4 Nf6 2. Nf3 d6 3. c4 Nbd7 4. Nc3 e5 5. dxe5 dxe5 6. Qc2 c6 7. Bg5 Qa5 8.
Bd2 Qc7 9. e3 Bd6 10. a3 O-O 11. h3 Re8 12. Rd1 Bf8 13. Ng5 h6 14. h4 g6 15.
Nge4 Nxe4 16. Nxe4 f5 17. Ng3 h5 18. Nxf5 gxf5 19. Qxf5 Bg7 20. Qxh5 Nf6 21.
Qg6 Qf7 22. Qxf7+ Kxf7 23. f3 e4 24. Kf2 Be6 25. Be2 Rad8 26. Bc3 Rxd1 27. Rxd1
Rh8 28. Rh1 Nd7 29. Bxg7 Kxg7 30. Kg3 Kf6 31. Kf4 exf3 32. gxf3 Ne5 33. c5 Bc4
34. Bxc4 Nxc4 35. Rh2 Rh5 36. e4 Rxc5 37. h5 Ne5 38. Rd2 Rc1 39. Rd6+ Ke7 40.
Rd2 Nf7 41. Rh2 Kf6 42. h6 Rd1 43. h7 Rd8 44. Ke3 Kg7 45. f4 Nh6 46. Rg2+ Kxh7
47. e5 Rg8 48. Rd2 Rg7 49. Ke4 Kg8 50. e6 Ng4 51. Rd8+ Kh7 52. f5 Kh6 53. Kf4
Nf6 54. Rh8+ Rh7 55. Rf8 Nd5+ 56. Ke5 Kg7 57. Rb8 b6 58. Ra8 a5 59. Ra7+ Kg8
60. Rxh7 Kxh7 61. Kd6 Kg7 62. Kxc6 Ne7+ 63. Kxb6 Kf6 64. Kxa5 Kxf5 65. Kb6 Kxe6
66. b4 Kd6 67. b5 Nd5+ 68. Ka7 Kc5 69. a4 Kb4 70. b6 Nxb6 71. Kxb6 Kxa4 1/2-1/2

[Event "NB II. Breyer csoport"]
[Site "Budapest"]
[Date "2024.04.07"]
[Round "7.3"]
[White "Horvath, Andras"]
[Black "Horvath, Gabor"]
[Result "1/2-1/2"]
[WhiteElo "2256"]
[BlackElo "2153"]
[PlyCount "50"]
[EventDate "2023.10.08"]
[EventType "team-tourn"]
[EventRounds "9"]
[EventCountry "HUN"]
[Source "chess.hu"]
[WhiteTeam "Barcza - BEAC I."]
[BlackTeam "Varosgazda Akademia"]
[WhiteTeamCountry "HUN"]
[BlackTeamCountry "HUN"]

1. d4 Nf6 2. c4 g6 3. Nf3 Bg7 4. g3 O-O 5. Bg2 d6 6. O-O Nbd7 7. Nc3 e5 8. e4
Re8 9. h3 exd4 10. Nxd4 a6 11. Be3 Rb8 12. a4 Nc5 13. Qc2 a5 14. Rad1 Nfd7 15.
Ndb5 Na6 16. Kh2 Ndc5 17. Na2 Bd7 18. Rfe1 Bc6 19. Bd2 b6 20. b3 Qd7 21. Bf4
Ne6 22. Bc1 Nec5 23. Bf4 Ne6 24. Bc1 Nec5 25. Bf4 Ne6 1/2-1/2

[Event "NB II. Breyer csoport"]
[Site "Budapest"]
[Date "2024.04.07"]
[Round "7.4"]
[White "Zanaty, Zsolt"]
[Black "Szekely, Ferenc"]
[Result "0-1"]
[WhiteElo "2128"]
[BlackElo "2195"]
[PlyCount "68"]
[EventDate "2023.10.08"]
[EventType "team-tourn"]
[EventRounds "9"]
[EventCountry "HUN"]
[Source "chess.hu"]
[WhiteTeam "Varosgazda Akademia"]
[BlackTeam "Barcza - BEAC I."]
[WhiteTeamCountry "HUN"]
[BlackTeamCountry "HUN"]

1. d4 Nf6 2. c4 g6 3. Nc3 Bg7 4. e4 d6 5. Nf3 O-O 6. Be2 e5 7. dxe5 dxe5 8.
Qxd8 Rxd8 9. Bg5 c6 10. Nxe5 Re8 11. O-O-O h6 12. Bh4 Na6 13. Rd6 Nh5 14. Nd7
Bxd7 15. Bxh5 Nc5 16. Bf3 Be6 17. Kc2 Bxc4 18. b3 Be6 19. Bg3 g5 20. h3 h5 21.
b4 Nd7 22. Bxh5 Nb6 23. Bg4 Nc4 24. Rdd1 Na3+ 25. Kb2 Bxg4 26. hxg4 Rxe4 27.
Kxa3 Bxc3 28. Kb3 Bf6 29. Rhe1 Rxg4 30. Rd7 a5 31. Rxb7 axb4 32. Be5 Ra3+ 33.
Kb2 Rxg2 34. Rxb4 Rxf2+ 0-1

[Event "NB II. Breyer csoport"]
[Site "Budapest"]
[Date "2024.04.07"]
[Round "7.5"]
[White "Fordan, Tibor"]
[Black "Gombocz, Zsolt"]
[Result "1-0"]
[WhiteElo "2139"]
[BlackElo "1995"]
[PlyCount "61"]
[EventDate "2023.10.08"]
[EventType "team-tourn"]
[EventRounds "9"]
[EventCountry "HUN"]
[Source "chess.hu"]
[WhiteTeam "Barcza - BEAC I."]
[BlackTeam "Varosgazda Akademia"]
[WhiteTeamCountry "HUN"]
[BlackTeamCountry "HUN"]

1. d4 d5 2. c4 e6 3. Nc3 c6 4. cxd5 exd5 5. Nf3 Nf6 6. Bg5 Bb4 7. Nd2 Nbd7 8.
e3 O-O 9. Bd3 Qa5 10. Qc2 Re8 11. Bh4 h6 12. O-O Bxc3 13. bxc3 Qa3 14. c4 g5
15. Bg3 Nh5 16. e4 Ndf6 17. Rae1 Be6 18. e5 dxc4 19. Bg6 c3 20. exf6 cxd2 21.
Rxe6 Nxg3 22. fxg3 d1=Q 23. Rxe8+ Rxe8 24. Qxd1 Qxa2 25. Bc2 Qc4 26. Bb3 Qc3
27. Bxf7+ Kxf7 28. Qh5+ Kf8 29. Qxh6+ Kf7 30. Qg7+ Ke6 31. f7 1-0

[Event "NB II. Breyer csoport"]
[Site "Budapest"]
[Date "2024.04.07"]
[Round "7.6"]
[White "Botlik, Bela"]
[Black "Orosz, Andras"]
[Result "1-0"]
[WhiteElo "1980"]
[BlackElo "2219"]
[PlyCount "31"]
[EventDate "2023.10.08"]
[EventType "team-tourn"]
[EventRounds "9"]
[EventCountry "HUN"]
[Source "chess.hu"]
[WhiteTeam "Varosgazda Akademia"]
[BlackTeam "Barcza - BEAC I."]
[WhiteTeamCountry "HUN"]
[BlackTeamCountry "HUN"]

1. d4 Nf6 2. Nc3 d5 3. Bf4 c5 4. e3 a6 5. Nf3 Nc6 6. Ne5 e6 7. Be2 Nxe5 8. dxe5
Nd7 9. O-O Qc7 10. Nxd5 exd5 11. e6 Ne5 12. exf7+ Kxf7 13. Qxd5+ Kf6 14. Bc4
Bd6 15. Bxe5+ Bxe5 16. f4 1-0

[Event "NB II. Breyer csoport"]
[Site "Budapest"]
[Date "2024.04.07"]
[Round "7.7"]
[White "Medve, Mark"]
[Black "Banhazi, Istvan"]
[Result "1-0"]
[WhiteElo "2098"]
[BlackElo "1938"]
[PlyCount "103"]
[EventDate "2023.10.08"]
[EventType "team-tourn"]
[EventRounds "9"]
[EventCountry "HUN"]
[Source "chess.hu"]
[WhiteTeam "Barcza - BEAC I."]
[BlackTeam "Varosgazda Akademia"]
[WhiteTeamCountry "HUN"]
[BlackTeamCountry "HUN"]

1. d4 Nf6 2. c4 c5 3. d5 d6 4. Nc3 e6 5. e4 exd5 6. cxd5 g6 7. Nf3 Bg7 8. h3
O-O 9. Be3 Re8 10. Nd2 a6 11. a4 Nbd7 12. Qc2 Rb8 13. Be2 b6 14. O-O Bb7 15.
Rad1 Qc7 16. b3 h6 17. Rfe1 Kh8 18. Kh1 Kg8 19. Nc4 Ne5 20. Na3 g5 21. Nab1 Bc8
22. Nd2 g4 23. h4 Qe7 24. g3 Nh5 25. Kg2 Qf6 26. Rf1 Bd7 27. Bxa6 Nf3 28. Rc1
Nd4 29. Qd3 Nf3 30. Qe2 Nd4 31. Qd1 Qg6 32. Bd3 f5 33. exf5 Bxf5 34. Bxf5 Qxf5
35. Nc4 Qd7 36. Bxd4 Bxd4 37. Nb5 Be5 38. Qd3 Kg7 39. Rfe1 Re7 40. Ne3 Rf8 41.
Rc4 Rf3 42. Qc2 Nf6 43. h5 Rxe3 44. Rxe3 Nxh5 45. Qd3 Nf6 46. Rc1 Re8 47. Rd1
Rh8 48. Na3 Bd4 49. Re6 h5 50. Rde1 Be5 51. Qf5 Rh6 52. Rxf6 1-0

[Event "NB II. Breyer csoport"]
[Site "Budapest"]
[Date "2024.04.07"]
[Round "7.8"]
[White "Rozsnyai, Tibor"]
[Black "Szekacs, Mark"]
[Result "1-0"]
[WhiteElo "1976"]
[BlackElo "2020"]
[PlyCount "99"]
[EventDate "2023.10.08"]
[EventType "team-tourn"]
[EventRounds "9"]
[EventCountry "HUN"]
[Source "chess.hu"]
[WhiteTeam "Varosgazda Akademia"]
[BlackTeam "Barcza - BEAC I."]
[WhiteTeamCountry "HUN"]
[BlackTeamCountry "HUN"]

1. c4 c5 2. Nc3 g6 3. g3 Bg7 4. Bg2 e6 5. d3 Nc6 6. e4 d6 7. Nge2 Nge7 8. O-O
Nd4 9. Rb1 Nec6 10. Nxd4 Nxd4 11. Ne2 O-O 12. Nxd4 cxd4 13. b4 b6 14. a4 a5 15.
b5 Bb7 16. Ba3 f5 17. exf5 Bxg2 18. Kxg2 Rxf5 19. Qe2 Qd7 20. Rbe1 Re8 21. Qe4
Kf7 22. g4 Re5 23. Qf3+ Kg8 24. Rxe5 Bxe5 25. Qc6 Qxc6+ 26. bxc6 Rc8 27. f4 Bf6
28. Bxd6 Rxc6 29. Be5 Kf7 30. Kf3 Be7 31. Bxd4 Bb4 32. Ke4 h6 33. h3 Bd6 34.
Rb1 Bb4 35. h4 Ke7 36. h5 Kf7 37. Rh1 Bf8 38. Rh2 Be7 39. Rb2 Bd8 40. Rb5 Bc7
41. Be3 Kf6 42. g5+ Kg7 43. Bd4+ Kh7 44. hxg6+ Kxg6 45. gxh6 Kxh6 46. Rg5 Bd8
47. Rg8 Rd6 48. Be5 Rd7 49. d4 Bc7 50. Re8 1-0

[Event "NB II. Breyer csoport"]
[Site "Budapest"]
[Date "2024.04.07"]
[Round "7.9"]
[White "Martin, Bela Jr"]
[Black "Magyar, Erik Ferenc"]
[Result "1/2-1/2"]
[WhiteElo "2037"]
[BlackElo "1853"]
[PlyCount "51"]
[EventDate "2023.10.08"]
[EventType "team-tourn"]
[EventRounds "9"]
[EventCountry "HUN"]
[Source "chess.hu"]
[WhiteTeam "Barcza - BEAC I."]
[BlackTeam "Varosgazda Akademia"]
[WhiteTeamCountry "HUN"]
[BlackTeamCountry "HUN"]

1. e4 e5 2. Nf3 Nc6 3. Bc4 Bc5 4. d3 d6 5. c3 Nf6 6. O-O h6 7. Re1 O-O 8. h3 a6
9. a4 Ba7 10. Nbd2 Ne7 11. Nf1 Ng6 12. Bb3 c6 13. Ng3 Be6 14. d4 Bxb3 15. Qxb3
Qb6 16. Qc2 Qc7 17. Bd2 Rfe8 18. Rad1 d5 19. Nxe5 Nxe5 20. dxe5 Qxe5 21. Be3
Bxe3 22. Rxe3 dxe4 23. Rde1 Qd6 24. Nxe4 Rxe4 25. Rxe4 Nxe4 26. Qxe4 1/2-1/2

[Event "NB II. Breyer csoport"]
[Site "Budapest"]
[Date "2024.04.07"]
[Round "7.10"]
[White "Salamon, Laszlo"]
[Black "Kelemen, Szabolcs"]
[Result "1/2-1/2"]
[WhiteElo "1862"]
[BlackElo "2007"]
[PlyCount "61"]
[EventDate "2023.10.08"]
[EventType "team-tourn"]
[EventRounds "9"]
[EventCountry "HUN"]
[Source "chess.hu"]
[WhiteTeam "Varosgazda Akademia"]
[BlackTeam "Barcza - BEAC I."]
[WhiteTeamCountry "HUN"]
[BlackTeamCountry "HUN"]

1. d4 Nf6 2. Nc3 d5 3. Bf4 Bf5 4. e3 e6 5. Nf3 a6 6. Ne5 c5 7. g4 Bg6 8. h4 Ne4
9. Nxe4 Bxe4 10. f3 f6 11. fxe4 fxe5 12. Bxe5 Nc6 13. Bf4 cxd4 14. exd4 Qb6 15.
exd5 Qa5+ 16. Qd2 Nb4 17. c3 Nxd5 18. Bg2 Be7 19. Bg3 O-O 20. Rf1 Kh8 21. Rf2
Rac8 22. Kf1 Rxf2+ 23. Bxf2 Qc7 24. Bxd5 exd5 25. Re1 Rf8 26. Kg2 Bd6 27. Qe3
Qf7 28. Bg3 Bxg3 29. Qxg3 Qf6 30. b3 b5 31. h5 1/2-1/2

[Event "NB II. Breyer csoport"]
[Site "Budapest"]
[Date "2024.04.07"]
[Round "7.11"]
[White "Bod, Marton"]
[Black "Sandor, Jozsef"]
[Result "1/2-1/2"]
[WhiteElo "1891"]
[BlackElo "1862"]
[PlyCount "56"]
[EventDate "2023.10.08"]
[EventType "team-tourn"]
[EventRounds "9"]
[EventCountry "HUN"]
[Source "chess.hu"]
[WhiteTeam "Barcza - BEAC I."]
[BlackTeam "Varosgazda Akademia"]
[WhiteTeamCountry "HUN"]
[BlackTeamCountry "HUN"]

1. e4 d6 2. d4 Nf6 3. Nc3 e5 4. Nf3 Qe7 5. dxe5 dxe5 6. Bg5 c6 7. Be2 Nbd7 8.
O-O Qd6 9. Qd2 Qxd2 10. Nxd2 Bd6 11. Nc4 Bc7 12. Rad1 h6 13. Bxf6 Nxf6 14. Nd6+
Ke7 15. Nxc8+ Raxc8 16. Rd3 Rcd8 17. Rfd1 Rd6 18. Kf1 Rhd8 19. Rxd6 Rxd6 20. f3
Rxd1+ 21. Nxd1 Ne8 22. Ne3 Nd6 23. c3 Bb6 24. Nc4 Nxc4 25. Bxc4 f6 26. Ke2 Kd6
27. Kd3 Bg1 28. h3 Bf2 1/2-1/2

[Event "NB II. Breyer csoport"]
[Site "Budapest"]
[Date "2024.04.07"]
[Round "7.12"]
[White "Ma, Guangxianzhao"]
[Black "Tancz, Janos"]
[Result "0-1"]
[WhiteElo "1542"]
[BlackElo "1775"]
[PlyCount "60"]
[EventDate "2023.10.08"]
[EventType "team-tourn"]
[EventRounds "9"]
[EventCountry "HUN"]
[Source "chess.hu"]
[WhiteTeam "Varosgazda Akademia"]
[BlackTeam "Barcza - BEAC I."]
[WhiteTeamCountry "HUN"]
[BlackTeamCountry "HUN"]

1. e4 c5 2. Nc3 Nc6 3. Bb5 e6 4. Bxc6 bxc6 5. f4 d5 6. d3 Ne7 7. Nf3 g6 8. O-O
Bg7 9. Nh4 O-O 10. f5 exf5 11. exf5 Nxf5 12. Nxf5 Bxf5 13. Bf4 Qb6 14. Na4 Qb4
15. c3 Qb5 16. Bd6 Rfe8 17. c4 dxc4 18. dxc4 Qxc4 19. Bxc5 Bc2 20. Rc1 Bxd1 21.
Rxc4 Be2 22. Rcf4 Bxf1 23. Kxf1 Re5 24. Bd4 Rd5 25. Bxg7 Kxg7 26. Rc4 Rd6 27.
Nc3 Re8 28. h3 Rd2 29. Rxc6 Rxb2 30. Ra6 Rc8 0-1

[Event "NB II. Breyer csoport"]
[Site "Torokbalint,"]
[Date "2024.04.21"]
[Round "8.1"]
[White "Farkas, Richard"]
[Black "Dupsky, Laszlo"]
[Result "1/2-1/2"]
[WhiteElo "2230"]
[BlackElo "2182"]
[PlyCount "34"]
[EventDate "2023.10.08"]
[EventType "team-tourn"]
[EventRounds "9"]
[EventCountry "HUN"]
[Source "chess.hu"]
[WhiteTeam "Barcza - BEAC I."]
[BlackTeam "Torokbalinti Sakk SE"]
[WhiteTeamCountry "HUN"]
[BlackTeamCountry "HUN"]

1. e4 d5 2. exd5 Nf6 3. d4 Nxd5 4. c4 Nb6 5. Nf3 c5 6. d5 e5 7. Nxe5 Bd6 8. Nf3
O-O 9. Be2 Re8 10. O-O Bg4 11. Nbd2 Qf6 12. h3 Bf5 13. Re1 N8d7 14. Nf1 Be4 15.
N1d2 Bg6 16. Nf1 Be4 17. N1d2 Bg6 1/2-1/2

[Event "NB II. Breyer csoport"]
[Site "Torokbalint,"]
[Date "2024.04.21"]
[Round "8.2"]
[White "Bereczki, Istvan"]
[Black "Horvath, Andras"]
[Result "0-1"]
[WhiteElo "2031"]
[BlackElo "2256"]
[PlyCount "115"]
[EventDate "2023.10.08"]
[EventType "team-tourn"]
[EventRounds "9"]
[EventCountry "HUN"]
[Source "chess.hu"]
[WhiteTeam "Torokbalinti Sakk SE"]
[BlackTeam "Barcza - BEAC I."]
[WhiteTeamCountry "HUN"]
[BlackTeamCountry "HUN"]

1. d4 Nf6 2. Nf3 b6 3. g3 Bb7 4. Bg2 g6 5. O-O Bg7 6. Re1 O-O 7. c4 d6 8. Nc3
Ne4 9. Nxe4 Bxe4 10. e3 c5 11. Nh4 Bxg2 12. Kxg2 Nd7 13. Kg1 a6 14. a4 Qc7 15.
Qd3 Rfc8 16. d5 Rab8 17. Ra2 b5 18. axb5 axb5 19. b3 Ne5 20. Qe2 bxc4 21. bxc4
Rb3 22. Rd1 Rcb8 23. Nf3 Nxf3+ 24. Qxf3 Qb7 25. Rc2 Qa6 26. Bd2 h5 27. Kg2 Bf6
28. Rdc1 Qa3 29. Qd1 Qa4 30. Qe2 Qa3 31. Qd1 Kh7 32. h4 Qa4 33. Qe2 Qa3 34. Qe1
Rb2 35. Bc3 Bxc3 36. Qxc3 Qa2 37. Qd3 R8b7 38. Qe2 R7b4 39. Kf3 Rxc2 40. Rxc2
Qa1 41. Kg2 Kg7 42. Qd3 Qa4 43. Qc3+ Kh7 44. Rc1 Qa2 45. Rc2 Qb1 46. Qd2 Ra4
47. Qc1 Qb7 48. Qd1 Qb3 49. Qc1 Qd3 50. Qd2 Qe4+ 51. f3 Qe5 52. Qd3 Ra1 53. f4
Qf6 54. Qc3 Qf5 55. Qxa1 Qxc2+ 56. Kh3 Qxc4 57. Qd1 Qe4 58. Qe1 0-1

[Event "NB II. Breyer csoport"]
[Site "Torokbalint,"]
[Date "2024.04.21"]
[Round "8.3"]
[White "Grimm, Gyorgy"]
[Black "Mullner, Imre"]
[Result "1/2-1/2"]
[WhiteElo "2144"]
[BlackElo "2053"]
[PlyCount "68"]
[EventDate "2023.10.08"]
[EventType "team-tourn"]
[EventRounds "9"]
[EventCountry "HUN"]
[Source "chess.hu"]
[WhiteTeam "Barcza - BEAC I."]
[BlackTeam "Torokbalinti Sakk SE"]
[WhiteTeamCountry "HUN"]
[BlackTeamCountry "HUN"]

1. e4 c5 2. Nf3 Nc6 3. d4 cxd4 4. Nxd4 Nf6 5. Nc3 e6 6. Ndb5 d6 7. Bf4 e5 8.
Bg5 a6 9. Na3 b5 10. Nd5 Qa5+ 11. Bd2 Qd8 12. Bg5 Qa5+ 13. Bd2 Qd8 14. c4 Nd4
15. Nxf6+ gxf6 16. cxb5 d5 17. Nc2 dxe4 18. Nxd4 Qxd4 19. Bc3 Qxd1+ 20. Rxd1
Be7 21. bxa6 Bxa6 22. Bxa6 Rxa6 23. a3 O-O 24. Rd7 Bc5 25. Ke2 Rc8 26. Rhd1 Kg7
27. Rd8 Rcc6 28. f3 Ra4 29. fxe4 Rxe4+ 30. Kd3 Re3+ 31. Kd2 Re4 32. Kd3 Re3+
33. Kd2 Re4 34. Kd3 Re3+ 1/2-1/2

[Event "NB II. Breyer csoport"]
[Site "Torokbalint,"]
[Date "2024.04.21"]
[Round "8.4"]
[White "Sinka, Csaba"]
[Black "Fordan, Tibor"]
[Result "1-0"]
[WhiteElo "1988"]
[BlackElo "2139"]
[PlyCount "81"]
[EventDate "2023.10.08"]
[EventType "team-tourn"]
[EventRounds "9"]
[EventCountry "HUN"]
[Source "chess.hu"]
[WhiteTeam "Torokbalinti Sakk SE"]
[BlackTeam "Barcza - BEAC I."]
[WhiteTeamCountry "HUN"]
[BlackTeamCountry "HUN"]

1. e4 Nf6 2. e5 Nd5 3. Nc3 Nxc3 4. dxc3 d6 5. Nf3 Nc6 6. Bc4 e6 7. Bf4 Be7 8.
Qe2 Bd7 9. O-O-O d5 10. Bd3 Na5 11. c4 Nxc4 12. Bxc4 dxc4 13. Qxc4 Qc8 14. Bg5
Bxg5+ 15. Nxg5 Bc6 16. Rd3 Bxg2 17. Rg1 Bd5 18. Qf4 Qd7 19. c4 f6 20. exf6
O-O-O 21. cxd5 exd5 22. fxg7 Qxg7 23. Qf7 Qh6 24. Qe6+ Qxe6 25. Nxe6 Rd6 26.
Ng5 Rg8 27. Rgg3 Rf8 28. Rdf3 Rxf3 29. Rxf3 c5 30. Nxh7 Rh6 31. Nf6 d4 32. h3
b5 33. Ne4 c4 34. Rf6 Rxh3 35. Nd6+ Kd7 36. Nxb5 Rh1+ 37. Kd2 Rb1 38. Kc2 Ra1
39. Rd6+ Ke7 40. Rxd4 Rxa2 41. Rxc4 1-0

[Event "NB II. Breyer csoport"]
[Site "Torokbalint,"]
[Date "2024.04.21"]
[Round "8.5"]
[White "Isepy, Tamas"]
[Black "Bilibok, Csaba"]
[Result "0-1"]
[WhiteElo "2045"]
[BlackElo "1822"]
[PlyCount "74"]
[EventDate "2023.10.08"]
[EventType "team-tourn"]
[EventRounds "9"]
[EventCountry "HUN"]
[Source "chess.hu"]
[WhiteTeam "Barcza - BEAC I."]
[BlackTeam "Torokbalinti Sakk SE"]
[WhiteTeamCountry "HUN"]
[BlackTeamCountry "HUN"]

1. e4 c5 2. Nf3 Nc6 3. d3 e5 4. g3 d6 5. Bg2 Bg4 6. c3 h6 7. Be3 Be7 8. h3 Be6
9. Nbd2 Nf6 10. d4 cxd4 11. cxd4 exd4 12. Nxd4 Ne5 13. Qe2 Bd7 14. f4 Nc6 15.
O-O Qc8 16. Kh2 O-O 17. Rac1 Qe8 18. g4 Nxd4 19. Bxd4 Bb5 20. Nc4 Qd7 21. b3
Rfe8 22. Qb2 Nxg4+ 23. hxg4 Qxg4 24. Bh3 Qh4 25. Qg2 Bf6 26. Bxf6 Qxf6 27. e5
dxe5 28. fxe5 Qh4 29. Qxb7 Bxc4 30. Rxc4 Qh5 31. Re4 Rad8 32. Rf5 Rd2+ 33. Kg1
Qxh3 34. Qxf7+ Kh7 35. Rf2 Rd1+ 36. Rf1 Qg3+ 37. Kh1 Rd2 0-1

[Event "NB II. Breyer csoport"]
[Site "Torokbalint,"]
[Date "2024.04.21"]
[Round "8.6"]
[White "Labancz, Janos"]
[Black "Medve, Mark"]
[Result "0-1"]
[WhiteElo "1762"]
[BlackElo "2098"]
[PlyCount "87"]
[EventDate "2023.10.08"]
[EventType "team-tourn"]
[EventRounds "9"]
[EventCountry "HUN"]
[Source "chess.hu"]
[WhiteTeam "Torokbalinti Sakk SE"]
[BlackTeam "Barcza - BEAC I."]
[WhiteTeamCountry "HUN"]
[BlackTeamCountry "HUN"]

1. d4 Nf6 2. c4 e6 3. Nc3 Bb4 4. a3 Bxc3+ 5. bxc3 d6 6. g3 O-O 7. Bg2 e5 8. Qc2
Re8 9. e4 exd4 10. cxd4 Bf5 11. f3 c5 12. Ne2 Bd7 13. d5 b5 14. O-O a5 15. cxb5
Bxb5 16. Re1 Nbd7 17. Nc3 Ba6 18. Bf1 Bxf1 19. Kxf1 Rb8 20. Bf4 Qb6 21. Rab1
Qa6+ 22. Qe2 c4 23. Na4 Rxb1 24. Rxb1 Nxd5 25. Bd2 N5b6 26. Nc3 d5 27. Nb5 Re7
28. Nd4 g6 29. Nc6 Re6 30. Nxa5 dxe4 31. fxe4 Nc5 32. e5 Nd3 33. Bc3 Nd5 34.
Qd2 Qa7 35. Bb4 Ne3+ 36. Ke2 Rxe5 37. Nc6 Ng4+ 38. Nxe5 Qf2+ 39. Kd1 Ne3+ 40.
Qxe3 Qxe3 41. Nxd3 Qxd3+ 42. Kc1 c3 43. Rb3 Qd2+ 44. Kb1 0-1